1813 1566 1733 1776 1526 1904 1952 1035 1566 1110 1478 1064 1084 1565 1373 1937 1046 1399 1999 1799 1818 1841 1750 1629 1720 1145 1318 1351 1220 1960 1108 1779 1398 1935 1353 1921 1435 1940 1639 1501 1307 1556 1856 1026 1823 1669 1883 1086 1626 1678 1755 1149 1360 1374 1658 1357 1520 1590 1820 1451 1603 1574 1568 1767 1682 1173 1043 1625 1411 1403 1874 1033 1673 1771 1239 1134 1342 1328 1368 1104 1540 1486 1599 1988 1110 1079 1150 1378 1736 1315 1370 1818 1157 1622 1241 1575 1003 1366 1171 BCNSPRNW ULIB Ver.6.0+V

เปลี่ยนเป็นภาษาไทย

Change to English
 แสดงรายละเอียดบรรณานุกรม
  กลับหน้าหลัก

Brief Record : Get Marc (ISO 2709) : E-mail record : QR code < ปิดหน้าต่าง
LEADER : 00000nam 2200000uu 4500
001    13399123215
003     ULIB
008    020711s2551 th a 000 0 tha d
020    9789744263377
090    นว.^bภ682ข ล.1
100    ภูระริน จุปะมะตัง
245    ขอให้ฉันอยู่กับเธอตลอดไป เล่ม1/^cภูระริน จุปะมะตัง
250    พิมพ์ครั้งที่ 1
260    กรุงเทพฯ :^bเลมอน กรีน,^c2551
300    330 หน้า;^b21 ซม.
500     มี 2 เล่ม
710    เลมอน กรีน
945    ^p199^l0^i20351
999    ^aทศพร เกษรทอง
รายการนี้ยังไม่มีแท็ก
คุณยังไม่ได้ล็อกอิน คุณสามารถมีกิจกรรมร่วมกับเว็บไซต์ได้ แต่ต้องล็อกอินก่อน ::
  ล็อกอิน

รายการสื่อสารสนเทศ

ลำดับที่ ประเภท เลขเรียก/บาร์โค้ด สถานที่ สถานะ
1. นวนิยาย
นวนิยาย
นว. ภ682ข ล.1 ฉ.1 
  Barcode: 20351
ห้องสมุดวิทยาเขตนครสวรรค์
►นวนิยาย:l:Fiction
บนชั้น
Note: มี 2 เล่ม

รายการใกล้เคียง
    ผู้แต่ง [ภูระริน จุปะมะตัง]

BibComment


ยังไม่เคยถูกคอมเมนท์

คอมเมนท์ทรัพยากรรายการนี้
  คอมเมนท์: ขอให้ฉันอยู่กับเธ..


 Copyright 2026. Bcnsprnw @Library